000 00412nam a22001697a 4500
003 MPLRDC
005 20220104163127.0
008 210129b ||||| |||| 00| 0 eng d
020 _a0-09-167481-6
082 _a563.5 CHA
100 _aCOLIN CHAPMAN
245 _aHOW THE NEW STOCK EXCHANGE WORKS
_c
260 _a
_bHUTCHINSON BUSINESS BOOKS
_c1986
300 _b
650 _a
942 _cBK
_o563.5 CHA
999 _c56310
_d56300